Objectivity in law /

Bibliographic Details
Main Author: Stavropoulos, Nicos
Format: Book
Language:English
Published: Oxford : New York : Clarendon Press ; Oxford University Press, 1996.
Subjects:

MARC

Tag First Indicator Second Indicator Subfields
LEADER 00000cam a2200000 a 4500
001 in00001320421
005 20151005071844.0
008 950804s1996 enk b 001 0 eng d
010 |a  95037001  
020 |a 0198258992 
035 |a (OCoLC)33008506 
035 |9 AHC4675AM 
040 |a DLC  |c DLC  |d ZBL  |d C#P  |d TXA  |d UtOrBLW 
049 |a TXAM 
050 0 0 |a K290  |b .S73 1996 
082 0 0 |a 340/.1  |2 20 
100 1 |a Stavropoulos, Nicos. 
245 1 0 |a Objectivity in law /  |c Nicos Stavropoulos. 
264 1 |a Oxford :  |b Clarendon Press ;  |a New York :  |b Oxford University Press,  |c 1996. 
300 |a xi, 216 pages ;  |c 24 cm. 
336 |a text  |b txt  |2 rdacontent 
337 |a unmediated  |b n  |2 rdamedia 
338 |a volume  |b nc  |2 rdacarrier 
504 |a Includes bibliographical references and index. 
650 0 |a Law  |x Interpretation and construction. 
650 0 |a Objectivity. 
999 |a MARS 
999 f f |s c4226ee6-e50d-3922-9825-0e83b8d19bea  |i 4773540a-e50d-337d-a244-902be70fd9e0  |t 0 
952 f f |p ric  |a Texas A&M University  |b Rellis Campus  |c Joint Library Facility  |d Remote Storage  |t 0  |e K290 .S73 1996  |h Library of Congress classification  |i unmediated -- volume  |m A14820396012 
998 f f |a K290 .S73 1996  |t 0  |l Remote Storage